| 000 | 00699nam a2200193 a 4500 | ||
|---|---|---|---|
| 008 | 120416s1995 ||||||||||||||||| || u | ||
| 020 | _a9966465480 | ||
| 050 | _aSB 294 Tra | ||
| 100 | _aSindiga, I | ||
| 245 | 1 | 0 |
_aTraditional medicine in Africa _cedited by I. Sindiga |
| 260 |
_aNairobi _bEast African Educational Publishing _c1995 |
||
| 300 | _a197 p. : ill. | ||
| 350 | _a0.00 | ||
| 650 | 0 | _aAFRICA--SOCIAL LIFE AND CUSTOMS | |
| 650 | _aTraditional medicine - Africa | ||
| 700 | _aKanumah, M. P | ||
| 700 | _aChacha, C. Nyaigotti | ||
| 995 |
_D0.00 _FCBU-MAIN LIBRARY (Kitwe) _H1 _I16.75 _M1 _UAVAILABLE _ZMain Library Open Access Collection |
||
| 999 |
_c60244 _d60244 |
||